[Event "Gornozavodsk op"]
[Site "Gornozavodsk"]
[Date "2010.11.01"]
[Round "2"]
[White "Koroev, Alan"]
[Black "Terskiy, Sergey"]
[Result "0-1"]
[WhiteElo "2054"]
[BlackElo "1535"]
[PlyCount "52"]
[EventDate "2010.11.01"]
[EventType "swiss"]
[EventRounds "10"]
[EventCountry "RUS"]
[SourceTitle "EXT 2012"]
[Source "ChessBase"]
[SourceDate "2011.11.24"]
[SourceVersion "1"]
[SourceVersionDate "2011.11.24"]
[SourceQuality "1"]

1. Nf3 Nc6 2. d4 e6 3. e4 d6 4. c4 h6 5. d5 exd5 6. cxd5 Ne5 7. Nxe5 dxe5 8. Nc3 a6 9. f4 Bd6 10. f5 Bd7 11. Be3 Bb4 12. Qf3 Qe7 13. Bd3 Bxc3+ 14. bxc3 Qa3 15. 0-0 Qxc3 16. Bf2 Qa3 17. Rfc1 Nf6 18. Rxc7 0-0 19. Rxb7 Rfc8 20. Bf1 Qa5 21. Rab1 Qxa2 22. Bh4 Bb5 23. Bxb5 axb5 24. R7xb5 Ra3 25. R5b3 Rxb3 26. Qxb3 Rc1+ 0-1

[Event "Perm op 05"]
[Site "Perm"]
[Date "2007.05.26"]
[Round "8"]
[White "Kohanov, Boris"]
[Black "Koroev, Alan"]
[Result "1/2-1/2"]
[WhiteElo "1970"]
[BlackElo "2059"]
[PlyCount "35"]
[EventDate "2007.05.16"]
[EventType "swiss"]
[EventRounds "9"]
[EventCountry "RUS"]
[SourceTitle "EXT 2008"]
[Source "ChessBase"]
[SourceDate "2007.11.25"]
[SourceVersion "1"]
[SourceVersionDate "2007.11.25"]
[SourceQuality "1"]

1. e4 c5 2. Nf3 Nc6 3. d4 cxd4 4. Nxd4 Qb6 5. c3 Nf6 6. f3 d5 7. exd5 Nxd5 8. Bc4 Nf6 9. Qe2 Nxd4 10. cxd4 Qxd4 11. Be3 Qe5 12. Nc3 e6 13. 0-0 Be7 14. f4 Qb8 15. Bb5+ Bd7 16. Rac1 a6 17. Bxd7+ Nxd7 18. Rfd1 1/2-1/2